| 000 | 00613nam a2200241Ia 4500 | ||
|---|---|---|---|
| 003 | OSt | ||
| 005 | 20220918174525.0 | ||
| 006 | a|||||r|||| 00| 0 | ||
| 007 | ta | ||
| 008 | 220917b |||||||| |||| 00| 0 eng d | ||
| 024 | _a12,702 | ||
| 037 | _cTextual | ||
| 040 |
_aARTS _cARTS _beng |
||
| 041 |
_2eng _aeng |
||
| 082 | _a/\2:87, M1-;1 | ||
| 100 |
_aSaletore R N _950832 |
||
| 245 | 0 | _aIndian witch craft | |
| 260 |
_aNew Delhi _bAbhinav Pub _c1981 |
||
| 300 |
_avii,216p. _ccm. |
||
| 650 | _aSPIRITUALISM | ||
| 942 |
_h/\2:87, M1-;1 _cTEXL _2CC |
||
| 999 |
_c153556 _d153556 |
||